| 000 | 00406cam a2200181 4500 | ||
|---|---|---|---|
| 008 | 090401t1972 xxu||||| |||| 00| 0 eng d | ||
| 020 | _a0853400229 | ||
| 035 | _a(Sirsi) u8687 | ||
| 041 | _aeng | ||
| 050 | _a723 | ||
| 100 | _aHarvey, John | ||
| 245 | 4 | _aThe medieval architect | |
| 260 |
_aLondon _bWayland _c1972 |
||
| 300 | _a296p. ill. 24cm | ||
| 350 | _a6 | ||
| 942 | _n0 | ||
| 948 | _c04/03/1997 | ||
| 999 |
_c86546 _d86546 |
||